| 000 | 01069njm a22002777a 4500 | ||
|---|---|---|---|
| 005 | 20100901115333.0 | ||
| 006 | a|||||r|||||00| 0 | ||
| 007 | sd ammalaaahaa | ||
| 008 | 100901t xxu||||| |||| 00| 0 eng d | ||
| 028 |
_a3 AEX 5073 _bOdeon |
||
| 035 | _aGR-03138 | ||
| 040 |
_aSED _cSED |
||
| 100 |
_aKishore Kumar _917891 |
||
| 245 |
_aHits Of Kishore Kumar / _cby Kishore Kumar ; music by S.D. Burman ; lyric by Majrooh _h[Sound recording] |
||
| 260 |
_aDUM DUM, India _bOdeon _c1964 |
||
| 300 |
_a1 Sound disc [Gramophone Recording] : _banalog, 33 1/3 rpm _c12 in. (LP) _fGramophone Record |
||
| 500 | _aBrief record | ||
| 500 | _aRecord Labels : Odeon,Black | ||
| 505 | _aSide-1 (Khwab ho tum ya koi -Teen devian) (Kishore Kumar)--Side-2 (Aa chal ke tujhe -Door Gagan Ki Chhaon Men ) (Kishore Kumar) | ||
| 600 | _2Kishore Kumar | ||
| 650 |
_aClassical music _xExcerpts _zIndia _917892 |
||
| 700 |
_aBurman, S. D _920579 |
||
| 700 |
_aMajrooh _920580 |
||
| 942 |
_2ddc _cGR |
||
| 999 |
_c46584 _d46584 |
||